000 00219nmm a2200085Ia 4500
008 220120s9999||||xx |||||||||||||||||und||
100 _aLFY
_910674
245 0 _aFebruary 2011 : Xmas game edition
260 _aEFY enterprises
999 _c139654
_d139654